| 000 | 00403cam a2200169ua 4500 | ||
|---|---|---|---|
| 020 | _c1.75 | ||
| 041 |
_amal _h |
||
| 082 |
_a894.8122 _bTHI/PR |
||
| 100 | _aThikkodian, . | ||
| 245 |
_aPrasavikkatha Amma / _cThikkodian. _hTextual Documents |
||
| 260 |
_aCalicut : _bNational Book Stall , _c1959. |
||
| 300 | _a146 ; . | ||
| 365 | _a1.75 | ||
| 504 | _a | ||
| 942 | _cBK | ||
| 999 |
_c1166 _d1166 |
||